Немецкий язык (Запись № 10298764)

Подробности
000 -МАРКЕР
контрольное поле 01738nam0a2200409 4500
001 - ИДЕНТИФИКАТОР ЗАПИСИ
контрольное поле RU\NLR\BIBL_A\010833349
005 - ИДЕНТИФИКАТОР ВЕРСИИ
контрольное поле 20221003104838.0
010 ## - МЕЖДУНАРОДНЫЙ СТАНДАРТНЫЙ НОМЕР КНИГИ (ISBN)
Номер (ISBN) 978-5-09-017979-9
Тираж 3000
021 ## - НОМЕР ГОСУДАРСТВЕННОЙ РЕГИСТРАЦИИ
Код страны Российская Федерация
Номер КН-П-18-028222
Номер Листа государственной регистраци КН-П-18-2063
035 ## - ДРУГИЕ СИСТЕМНЫЕ НОМЕРА
Идентификатор записи (NLR Aleph) 010833349
035 ## - ДРУГИЕ СИСТЕМНЫЕ НОМЕРА
Идентификатор записи (NILC)RuMoRGB-007989421
100 ## - ДАННЫЕ ОБЩЕЙ ОБРАБОТКИ
Данные общей обработки 20150914d2015 em y0rusy50 ca
101 0# - ЯЗЫК РЕСУРСА
Язык текста, звукозаписи и т.д. русский
-- немецкий
102 ## - СТРАНА ПУБЛИКАЦИИ ИЛИ ПРОИЗВОДСТВА
Страна публикации Российская Федерация
105 ## - ПОЛЕ КОДИРОВАННЫХ ДАННЫХ: ТЕКСТОВЫЕ МАТЕРИАЛЫ, МОНОГРАФИЧЕСКИЕ
Кодированные данные о монографическом текстовом документе ab||j|||000yy
200 1# - ЗАГЛАВИЕ И СВЕДЕНИЯ ОБ ОТВЕТСТВЕННОСТИ
Основное заглавие Немецкий язык
Сведения, относящиеся к заглавию 9 класс
-- учебник для общеобразовательных организаций
Первые сведения об ответственности [О.А. Радченко, К.Р. Цойнер, К.Х. Билер и др.]
210 ## - ПУБЛИКАЦИЯ, РАСПРОСТРАНЕНИЕ И ДР.
Место издания, распространения и т.д. Москва
Имя издателя, распространителя и т. д. Просвещение
Дата издания, распространения и т.д. 2015
215 ## - ФИЗИЧЕСКАЯ ХАРАКТЕРИСТИКА
Специфическое обозначение материала и объем 173, [2] с.
Другие сведения о физической характеристике цв. ил., карт.
Размеры 26
225 1# - СЕРИЯ
Основное заглавие серии ФГОС
225 1# - СЕРИЯ
Основное заглавие серии Вундеркинды
Параллельное заглавие серии Wunderkinder
Язык параллельного заглавия немецкий
300 ## - ОБЩИЕ ПРИМЕЧАНИЯ
Текст примечания На обл.: Deutsch: 9: Lehrbuch
300 ## - ОБЩИЕ ПРИМЕЧАНИЯ
Текст примечания На корешке загл.: Wunderkinder. Lehrbuch. 9
300 ## - ОБЩИЕ ПРИМЕЧАНИЯ
Текст примечания Авт. указаны на обороте тит. л.
512 1# - ЗАГЛАВИЕ ОБЛОЖКИ
Заглавие обложки Deutsch
Сведения, относящиеся к заглавию 9
-- Lehrbuch
516 1# - ЗАГЛАВИЕ НА КОРЕШКЕ [ИЗДАНИЯ]
Заглавие на корешке Wunderkinder. Lehrbuch. 9
606 1# - НАИМЕНОВАНИЕ ТЕМЫ КАК ПРЕДМЕТ
Наименование темы Немецкий язык
Формальный подзаголовок Учебники для средней школы
Код системы nlr_sh2
Идентификатор авторитетной/нормативной записи RU\NLR\AUTH\66413315
675 ## - УНИВЕРСАЛЬНАЯ ДЕСЯТИЧНАЯ КЛАССИФИКАЦИЯ (UDC/УДК)
Индекс 373.167.1:811.112.2
686 3# - ИНДЕКСЫ ДРУГИХ КЛАССИФИКАЦИЙ
Индекс Ш143.24-93рус21[9]
701 #1 - ИМЯ ЛИЦА - АЛЬТЕРНАТИВНАЯ ОТВЕТСТВЕННОСТЬ
Начальный элемент ввода Радченко
Часть имени, кроме начального элемента ввода О. А.
Даты 1962-
Расширение инициалов личного имени Олег Анатольевич
Идентификатор авторитетной/нормативной записи RU\NLR\AUTH\7732625
701 #1 - ИМЯ ЛИЦА - АЛЬТЕРНАТИВНАЯ ОТВЕТСТВЕННОСТЬ
Начальный элемент ввода Цойнер
Часть имени, кроме начального элемента ввода К. Р.
Расширение инициалов личного имени Катрин Роми
Идентификатор авторитетной/нормативной записи RU\NLR\AUTH\770247149
701 #1 - ИМЯ ЛИЦА - АЛЬТЕРНАТИВНАЯ ОТВЕТСТВЕННОСТЬ
Начальный элемент ввода Билер
Часть имени, кроме начального элемента ввода К. Х.
Расширение инициалов личного имени Карл Хайнц
801 #0 - ИСТОЧНИК ЗАПИСИ
Страна Российская Федерация
Организация РГБ
Дата составления 20150803
Правила каталогизации RCR
942 ## - ДОПОЛНИТЕЛЬНЫЕ ЭЛЕМЕНТЫ ЗАПИСИ (АБИС)
Тип экземпляра АБИС Книга
980 ## - КОЛЛЕКЦИЯ
Название коллекции Национальная библиография
Экземпляры
Тип экземпляра Дата поступления Источник поступления Библиотека постоянного хранения Библиотека текущего хранения Место хранения Шифр хранения Штрих-код Статус экземпляра Стоимость Нумерация / хронология для периодики
Книга 14.09.2015 Обязательный экземпляр РНБ (Московский) РНБ (Московский) Русский книжный фонд: издания с 1957 года 2015-7/4881 1-1090508      
Книга 14.09.2015 Обязательный экземпляр РНБ (Московский) РНБ (Московский) Обменный фонд   1-1090509      
Книга 25.08.2016 Обязательный экземпляр РНБ (Московский) РНБ (Московский) Обменный фонд   1-1478899   0.00  
Книга 25.08.2016 Обязательный экземпляр РНБ (Московский) РНБ (Московский) Обменный фонд   1-1478900   0.00  
Книга 09.02.2017 Обязательный экземпляр РНБ (Московский) РНБ (Московский) Обменный фонд   1-1715395      
Книга 09.02.2017 Обязательный экземпляр РНБ (Московский) РНБ (Московский) Обменный фонд   1-1715396      
Книга 22.05.2018 Обязательный экземпляр РНБ (Московский) РНБ (Московский) Обменный фонд   1-2281912     2018
Книга 22.05.2018 Обязательный экземпляр РНБ (Московский) РНБ (Московский) Обменный фонд   1-2281913     2018